000 00646nab a2200193 4500
001 244442
003 OSt
005 20241008125820.0
007 tu
008 200917s2020|||||||
040 _aDE-2950
_cDE-2950
245 0 0 _aDie Oder regeneriert sich
_bTagung. Zwei Jahre nach dem Fischsterben habe sich deutsche und polnische Experten in Frankfurt ausgetauscht. Am Ausbau des Flusses gibt es weiter Kritik/
_cPhilipp Stepputtis
264 _c2024
653 _aFrankfurt (Oder)
653 _aTagung
653 _aFischsterben
773 0 _g35. Jahrgang (2024) Nr. 233 vom 05.10.2024, S. 15 mit Foto
_tMärkische Oderzeitung
942 _2z
_cA
999 _c373400
_d373400